Catálogo público

Normal view MARC view

Entry Nombre personal

Number of records used in: 1

001 - NÚMERO DE CONTROL

  • campo de control: 139899

003 - IDENTIFICADOR DEL NÚMERO DE CONTROL

  • campo de control: CHAP

005 - FECHA Y HORA DE LA ÚLTIMA TRANSACCIÓN

  • campo de control: 20240729164110.0

008 - DATOS DE LONGITUD FIJA

  • campo de control de longitud fija: 220127|| acz||abbn | a|a d

040 ## - FUENTE DE LA CATALOGACIÓN

  • Centro catalogador/agencia de origen: CHAP
  • Centro/agencia transcriptor: CHAP

100 1# - ENCABEZAMIENTO-NOMBRE DE PERSONA

  • Nombre de persona: Fraile Ovejero, Arsenio
  • Término indicativo de función/relación: traductor

670 ## - FUENTE DE DATOS ENCONTRADOS

  • Cita de la fuente: Work cat.: (OSt)165856: Nalbandov, Andrew Vladimir 80092, Fisiología de la reproducción : fisiología de la reproducción comparada de los animales domésticos, animales de laboratorio y el hombre /, 1969